Persuasive technology : using computers to change what we think and do
Αποθηκεύτηκε σε:
| Κύριος συγγραφέας: | |
|---|---|
| Μορφή: | Βιβλίο |
| Γλώσσα: | English |
| Δημοσίευση: |
Amsterdam :
Morgan Kaufmann Publishers,
c2003
|
| Σειρά: | Morgan Kaufmann series in interactive technologies
|
| Θέματα: | |
| Ετικέτες: |
Προσθήκη ετικέτας
Δεν υπάρχουν, Καταχωρήστε ετικέτα πρώτοι!
|
MARC
| LEADER | 00000nam a2200000 i 4500 | ||
|---|---|---|---|
| 001 | 1/73265 | ||
| 008 | 050311s2003 eng d | ||
| 020 | |a 978-1-55860-643-2 | ||
| 020 | |a 1-55860-643-2 | ||
| 035 | |l 10077049 | ||
| 040 | |a GR-MY-UA |b gre |e aacr | ||
| 041 | 0 | |a eng | |
| 082 | 0 | |a 153.8520285 |2 (22) | |
| 100 | 1 | |a Fogg, B. J. | |
| 245 | 1 | 0 | |a Persuasive technology : |b using computers to change what we think and do / |c B. J. Fogg |
| 260 | |a Amsterdam : |b Morgan Kaufmann Publishers, |c c2003 | ||
| 300 | |a xxviii, 283 σ.; |b εικ.; |c 23 εκ. | ||
| 490 | 1 | |a The Morgan Kaufmann series in interactive technologies | |
| 504 | |a Περιλαμβάνει βιβλιογραφίες και ευρετήριο. | ||
| 650 | 0 | 0 | |a Persuasion (Psychology) |x Computer programs. |
| 650 | 0 | 0 | |a Human-computer interaction. |
| 830 | 0 | |a Morgan Kaufmann series in interactive technologies | |
| 852 | |a INST |b LESVOS |e 20050311 |h 153.8520285 FOG |p 005100030089 |q 005100030089 |t BK |y 0 | ||
| 852 | |a INST |b SYROS |e 20080118 |h 153.8520285 FOG |p 005500006703 |q 005500006703 |t BK |y 4 |x 20180720 | ||
| 901 | |a BIBL5-2008-1 | ||
| 901 | |a BIBL1-2005-1 | ||
| 909 | |a Ε |b 133391 | ||
| 909 | |a Λ |b 113697 | ||
| 920 | |a ΔΙΕΥΡΥΝΣΗ |b ΕΠΕΑΕΚ-ΠΤΕ |y ΛΕΣΒΟΣ |z 2004-10 | ||
| 922 | |a 5ΕΛΗ |b 200709 |c ΒΙΒΛΙΟΘΗΚΗ ΣΥΡΟΥ |d GLORYBOOK | ||
| 970 | |a ΜΑΡΙΝΑΤΟΥ |b ΜΥΡΣΙΝΗ |z 2005/03/11 | ||